000 00428nam a22001817a 4500
003 MPLRDC
005 20220104125358.0
008 210129b ||||| |||| 00| 0 eng d
020 _a7-5402-0075-8
082 _a857.9 ZBR
100 _a张宝瑞
245 _a八卦掌传奇
_c
250 _a一版一刷
260 _a
_b北京燕山出版社
_c1987
300 _b
650 _a武侠小说
942 _cBK
_o857.9 ZBR
999 _c26887
_d26877